000 01281nam a22002297a 4500
005 20250903182746.0
008 240315b ||||| |||| 00| 0 eng d
020 _a9780136080695
040 _cAL
041 _aEnglish
082 _a330.9
_bHEIM
100 _aRobert L Heilbroner
_9154810
245 _aMaking of economic society
250 _a13th ed.
260 _aNew York
_bPearson
_c2012
300 _axxiii,194p.
_bPB
_c23x18.5cm.
365 _2General
_aVBI-2056
_b₹9946.64
_c
_d₹13262.00
_e25%
_f26-02-2024
520 _aThis is the eBook of the printed book and may not include any media, website access codes, or print supplements that may come packaged with the bound book. With its roots in history and eyes on the future, this book traces the development of our economic society from the Middle Ages to the present, offering a balanced perspective of why our economy is the way it is and where it may be headed. It explores the catalytic role past economic trends and dynamics–particularly capitalism–have played in creating the present challenges we face, and offers suggestions on how we may deal with them most effectively in the future.
650 _2Economics
_aEconomic History
_9154811
700 _aMilberg, William
_9154812
942 _2ddc
_cBK
999 _c230421
_d230421